Datum a čas kvízu
31.5
Celkem bodů
Celkový počet nahraných bodů na tomto kvízu bez doplňovacích otázek.
4.
Pořadí na kvízu
Konečné umístění týmu na tomto kvízu.
Zaznamenané odpovědi
| # | Otázka | Odpověď | Body | Výsledky |
|---|---|---|---|---|
| 1. | V rámci zavádění Plánu udržite... | Na Vozovce | 0 | |
| 2. | Pražské letiště mělo minulý tý... | Nizozemsku | 0 | |
| 3. | Oblíbený animovaný seriál půvo... | Jen počkej, zajíci! | 1 | |
| 4. | Premiér v demisi Andrej Babiš... | horu Říp | 1 | |
| 5. | Prohrávat 0:2, dostat červenou... | Slovácko | 0 | |
| 6. | Vítězné téma facebookového hla... | Dařbuján a Pandrhola | 0 | |
| 7. | Další otázka se bude týkat zná... | Hannibal Lecter | 1 | |
| 8. | V roce 2000 se režisér F. A. B... | 1C 2B 3D 4A | 1 | |
| 9. | „Jedno vám teda povim bejt idi... | Forrest Gump | 0 | |
| 10. | Podle knih Stephena Kinga byly... | 1A 2C 3D 4B | 0 |